Normal view
MARC view
- MATHEMATICS FINITE ELEMENT METHODS FOR ENGINEERING.FEM
Entry Topical Term
001 - CONTROL NUMBER
- control field: 59171
003 - CONTROL NUMBER IDENTIFIER
- control field: NUST
005 - DATE AND TIME OF LATEST TRANSACTION
- control field: 20210628202305.0
008 - FIXED-LENGTH DATA ELEMENTS
- fixed length control field: 210628|| aca||aabn | a|a d
040 ## - CATALOGING SOURCE
- Original cataloging agency: NUST
- Transcribing agency: NUST
150 ## - HEADING--TOPICAL TERM
- Topical term or geographic name entry element: MATHEMATICS FINITE ELEMENT METHODS FOR ENGINEERING.FEM
670 ## - SOURCE DATA FOUND
- Source citation: Work cat.: (NUST): Rao, Singiresu.S 19105, The finite element method in engineering, 2004
